[Event "Mecklenburg VP-ch Seniors op 09th"]
[Site "Binz"]
[Date "2009.12.08"]
[Round "8.50"]
[White "Ludwig, Siegfried"]
[Black "Katzky, Horst"]
[Result "0-1"]
[WhiteElo "1352"]
[BlackElo "1570"]
[PlyCount "154"]
[EventDate "2009.12.01"]
[EventType "swiss"]
[EventRounds "9"]
[EventCountry "GER"]
[SourceTitle "EXT 2022"]
[Source "ChessBase"]
[SourceDate "2021.10.06"]
[SourceVersion "1"]
[SourceVersionDate "2021.10.06"]
[SourceQuality "1"]

1. e4 c5 2. Bc4 e6 3. Nc3 Nc6 4. a3 a6 5. d3 Nf6 6. Nf3 d6 7. Bg5 Be7 8. 0-0 0-0 9. h3 Nd7 10. Qd2 Nde5 11. Bxe7 Nxf3+ 12. gxf3 Qxe7 13. Ne2 Qh4 14. Qf4 Qxf4 15. Nxf4 e5 16. Ng2 Bxh3 17. c3 Ne7 18. Kh2 Bxg2 19. Kxg2 b5 20. Ba2 Ng6 21. Rad1 Rad8 22. Kg3 Nf4 23. Bd5 Rd7 24. Rh1 h5 25. Kh2 Kh7 26. Rhg1 f6 27. Ba2 g5 28. Rd2 d5 29. exd5 Nxd5 30. Bb1 Kh6 31. c4 Nf4 32. Rgd1 Rfd8 33. b3 Rd4 34. Bc2 Ng6 35. Re1 Nh4 36. Kg3 bxc4 37. bxc4 Rxc4 38. Re4 Nf5+ 39. Kg2 Rxe4 40. fxe4 Nd4 41. Bd1 Ne6 42. Bc2 c4 43. Rd1 cxd3 44. Bb3 Nc5 45. Bc4 Rd4 46. Bd5 Ra4 47. f3 Rxa3 48. Kh3 Rc3 49. Ba2 a5 50. Kg3 a4 51. Bb1 a3 52. Rd2 Rc2 53. Bxc2 a2 54. Bd1 a1Q 55. Kf2 Qd4+ 56. Kg2 Nb3 57. Rf2 Nc1 58. f4 Qxe4+ 59. Bf3 Qe1 60. fxg5+ fxg5 61. Bd5 Qxf2+ 62. Kxf2 g4 63. Ke1 Ne2 64. Be4 Nf4 65. Kf2 h4 66. Kg1 Kg5 67. Kf2 g3+ 68. Kg1 Kg4 69. Bh7 h3 70. Kh1 d2 71. Bc2 Nd3 72. Bd1+ Kf4 73. Be2 Nf2+ 74. Kg1 d1Q+ 75. Bxd1 Nxd1 76. Kh1 Nf2+ 77. Kg1 h2+ 0-1

[Event "Mecklenburg VP-ch Seniors op 09th"]
[Site "Binz"]
[Date "2009.12.05"]
[Round "5.32"]
[White "Katzky, Horst"]
[Black "Wittmann, Georg"]
[Result "0-1"]
[WhiteElo "1570"]
[BlackElo "1809"]
[PlyCount "46"]
[EventDate "2009.12.01"]
[EventType "swiss"]
[EventRounds "9"]
[EventCountry "GER"]
[SourceTitle "EXT 2022"]
[Source "ChessBase"]
[SourceDate "2021.10.06"]
[SourceVersion "1"]
[SourceVersionDate "2021.10.06"]
[SourceQuality "1"]

1. e4 c6 2. d4 d5 3. e5 Bf5 4. Nf3 e6 5. Bd3 Ne7 6. 0-0 Nd7 7. Nbd2 Bxd3 8. cxd3 Ng6 9. Nb3 c5 10. Be3 Qb8 11. dxc5 Ndxe5 12. d4 Nc6 13. Nbd2 Be7 14. b4 Nxb4 15. Qa4+ Nc6 16. Rab1 Qc7 17. Rb2 0-0 18. Rfb1 Rab8 19. Qc2 Rfe8 20. Ng5 Bxg5 21. Bxg5 Nxd4 22. Qa4 Ne2+ 23. Kf1 Nc3 0-1

[Event "Mecklenburg VP-ch Seniors op 09th"]
[Site "Binz"]
[Date "2009.12.04"]
[Round "4.53"]
[White "Katzky, Horst"]
[Black "Gottschalk, Juergen"]
[Result "1-0"]
[WhiteElo "1570"]
[BlackElo "1321"]
[PlyCount "105"]
[EventDate "2009.12.01"]
[EventType "swiss"]
[EventRounds "9"]
[EventCountry "GER"]
[SourceTitle "EXT 2022"]
[Source "ChessBase"]
[SourceDate "2021.10.06"]
[SourceVersion "1"]
[SourceVersionDate "2021.10.06"]
[SourceQuality "1"]

1. e4 e5 2. Nf3 Nc6 3. Bc4 Bc5 4. c3 Nf6 5. d4 exd4 6. cxd4 Bb4+ 7. Bd2 Nxe4 8. Bxf7+ Kxf7 9. Qb3+ d5 10. Bxb4 Re8 11. 0-0 Be6 12. Nbd2 a5 13. Bc3 b6 14. Qb5 Qd6 15. Qxc6 Qxc6 16. Ne5+ Kg8 17. Nxc6 Ng5 18. Rae1 Bd7 19. Ne5 Bb5 20. f4 Bxf1 21. Nxf1 Ne4 22. Ne3 Rad8 23. Rc1 Rd6 24. Be1 c5 25. dxc5 bxc5 26. Bxa5 c4 27. Bb4 Rdd8 28. Rd1 Nf6 29. Bc3 Re6 30. N3xc4 Ne4 31. Ne3 Nxc3 32. bxc3 g5 33. g3 gxf4 34. gxf4 Rf8 35. Nxd5 Kg7 36. Nc7 Re7 37. Rd7 Rxd7 38. Nxd7 Rf7 39. Ne6+ Kh6 40. Ndc5 Kg6 41. a4 Kf5 42. a5 Ra7 43. a6 Rxa6 44. Nd4+ Kxf4 45. Nxa6 Ke5 46. Ne2 Kd5 47. Nc7+ Kc4 48. Ne6 Kd3 49. Nc5+ Kxe2 50. c4 Ke3 51. Nb3 Ke4 52. c5 Kd5 53. Kg2 1-0